A simple and efficient method for the isolation of total RNA and mRNA from mature leaves of Hevea brasiliensis (Record no. 48791)

MARC details
000 -LEADER
fixed length control field 00484nam a2200157Ia 4500
100 ## - MAIN ENTRY--AUTHOR NAME
Personal name Thomas M.
245 #2 - TITLE STATEMENT
Title A simple and efficient method for the isolation of total RNA and mRNA from mature leaves of Hevea brasiliensis
260 ## - PUBLICATION, DISTRIBUTION, ETC. (IMPRINT)
Name of publisher Indian Journal of Natural Rubber Research
Year of publication 2002
300 ## - PHYSICAL DESCRIPTION
Number of Pages 93-95
650 ## - SUBJECT ADDED ENTRY--TOPICAL TERM
Topical Term Leaf tissue
650 ## - SUBJECT ADDED ENTRY--TOPICAL TERM
Topical Term RNA isolation
700 ## - ADDED ENTRY--PERSONAL NAME
Personal name Jacob J.[a]
700 ## - ADDED ENTRY--PERSONAL NAME
Personal name Raghothama K.G.
942 ## - ADDED ENTRY ELEMENTS (KOHA)
Koha item type Bibliography STAF
Holdings
Withdrawn status Lost status Damaged status Not for loan Home library Current library Shelving location Date acquired Serial Enumeration / chronology Koha item type
      Bibliography RRII Library RRII Library Biotechnology 09/04/2014 Volume 15, Issue 1 Bibliography STAF